000 01310cam a22002174a 4500
005 20250605164003.0
008 250528s ||||||||||||||||||||||||d
035 _a15727
020 _a70362882
040 _aGR-AtMCL
_bgre
_dGR-AtMCL
_eAACR2
245 1 _aStrategy for Personal Finance / Third Edition
250 _a3rd
260 _bMcgraw Hill Book Company,
_c1984
300 _a728
520 _aIntroduction, Personal and Financial Planning, Financial and Personal Records Developing and Managing your Income, Personal Budgeting, Issues in Consumer Decisions, How to ''Manage'' your Income Taxes, Credit: How to Get and How to Use it, Sources of Consumer Credit, Consumer Expenditures, Transportation: Your Automobile, Selecting Major Home Appliances, The Housing Decision, Safeguarding your Resources, Social Security: An Integral Part of your Personal Financial Plan, Life Insurance, Health Insurance and Disability Income Insurance, Property Insurance and Liability Insurance, Building for your Future, Investments: Fundamentals and Goals, Fixed-Income Investments, Common Stocks: A Variable Income Investment, Mutual Funds, Retirement and Estate Planning, Index.
700 1 _aGillespie Thomas H
_91696
700 1 _aLang Larry R
_91697
942 _cBK
999 _c1283
_d1283